000 00304nam a22001337a 4500
008 171101b xxu||||| |||| 00| 0 eng d
020 _a9780801447563
041 _aeng
080 _a339
100 _a59
101 _aTRE
245 _aHIERARCHY IN INTERNATIONAL RELATIONS
_cLAKE.D.A
942 _2udc
_cBK
999 _c37060
_d37060